00621nam a2200181Ia 4500008004100000020001400041040004400055050001100099100001900110245011500129250002100244260004100265300001400306504005000320650001600370700003600386999001700422 1976 gf a 1 a dd a397520727 aAhmadu Bello University Library - Zaria aRC 454 aChapman, A. H. 0aTextbook of clinical psychiatry:ban interpersonal approach.cby A.H.Chapman , John M. Davis & Elza M. Almeida a\\a2nd. edition aPhiladelphiabJ. B. Lippincottc1976 axii,524p. aIncludes Bibliographical References and Index aPsychiatry. aDavis, John M.;Almeida, Elza M. c27090d27090